[Event "Titled Tue 10th Jun Early"]
[Site "chess.com INT"]
[Date "2025.06.10"]
[Round "8"]
[White "Olhovik, Andrei"]
[Black "Gu, Xiaobing"]
[Result "1-0"]
[WhiteTitle "FM"]
[BlackTitle "WGM"]
[WhiteElo "2282"]
[BlackElo "2148"]
[WhiteFideId "13507397"]
[BlackFideId "8602611"]
[EventDate "2025.06.10"]

1. d4 Nf6 2. c4 g6 3. Nc3 Bg7 4. e4 d6 5. h3 O-O 6. Bg5 h6 7. Be3 e5 8. d5 a5 9.
Bd3 Na6 10. Nge2 Nd7 11. g4 Ndc5 12. Bc2 f5 13. exf5 gxf5 14. gxf5 Qh4 15. Ng3
Qxc4 16. Qg4 Qxg4 17. hxg4 Nb4 18. O-O-O Nxc2 19. Kxc2 Nd7 20. Bxh6 Bxh6 21.
Rxh6 Nf6 22. Rdh1 Kf7 23. g5 Ng4 24. Rh7+ Ke8 25. f6 Nxf2 26. Re7+ Kd8 27. Rhh7
Ng4 28. Rxc7 b5 29. Nxb5 Ne3+ 30. Kd2 Nxd5 31. Rcg7 Nf4 32. Nxd6 Ne6 33. Nge4
Nxg7 34. Rxg7 Ra6 35. Nf7+ Ke8 36. Nfd6+ Kd8 37. Ke3 Rb6 38. Nf7+ Kd7 39. Nxe5+
Ke6 40. Nc4 Rb4 41. Re7+ Kf5 42. Ncd6+ Kg6 43. Rg7+ Kh5 44. f7 Rxb2 45. g6 Rg2
46. Rg8 Rxg6 47. Rxf8 Rg7 48. Rh8+ 1-0

[Event "Titled Tue 10th Jun Early"]
[Site "chess.com INT"]
[Date "2025.06.10"]
[Round "8"]
[White "Zhauynbay Aldiyar"]
[Black "Nguyen, Ngoc Truong Son"]
[Result "1/2-1/2"]
[WhiteTitle "FM"]
[BlackTitle "GM"]
[WhiteElo "2233"]
[BlackElo "2600"]
[WhiteFideId "13780646"]
[BlackFideId "12401110"]
[EventDate "2025.06.10"]

1. e4 e5 2. Nf3 Nc6 3. Bc4 Bc5 4. O-O Nf6 5. d4 Bxd4 6. Nxd4 Nxd4 7. Bg5 h6 8.
f4 hxg5 9. fxe5 d5 10. Qxd4 dxc4 11. Qxd8+ Kxd8 12. exf6 gxf6 13. Rxf6 Be6 14.
Nc3 Ke7 15. Rff1 c6 16. a4 Rad8 17. Rad1 Rxd1 18. Rxd1 Kf6 19. h3 Ke5 20. Kf2 g4
21. hxg4 Bxg4 22. Rf1 Kd4 23. Kg3 Be6 24. Kf4 Kc5 25. e5 Rh4+ 26. Kg3 Rd4 27.
Rf2 b5 28. axb5 cxb5 29. Kf3 b4 30. Ne2 Rd2 31. Nf4 Rxf2+ 32. Kxf2 Bf5 33. c3 a5
34. Ke3 bxc3 35. bxc3 a4 36. Kd2 a3 37. Kc1 Kc6 38. g4 Be4 39. g5 Bf5 40. e6
fxe6 41. g6 Kd6 42. g7 Bh7 43. Ng2 Ke7 44. Ne3 Kf7 45. Nxc4 a2 46. Kb2 Bb1 47.
Nd2 Kxg7 48. Nxb1 axb1=Q+ 49. Kxb1 Kf6 50. Kc2 Ke5 51. Kd3 Kd6 52. Ke4 Kc5 53.
Ke5 Kc4 54. Kxe6 Kxc3 1/2-1/2

[Event "Titled Tue 10th Jun Early"]
[Site "chess.com INT"]
[Date "2025.06.10"]
[Round "8"]
[White "Lloret Ramis, Juan Jose"]
[Black "Hury, Tymoteusz"]
[Result "0-1"]
[WhiteTitle "FM"]
[BlackTitle "CM"]
[WhiteElo "2019"]
[BlackElo "2115"]
[WhiteFideId "2204053"]
[BlackFideId "21839328"]
[EventDate "2025.06.10"]

1. c4 e6 2. Nc3 f5 3. d3 Bb4 4. e4 Bxc3+ 5. bxc3 Nc6 6. exf5 exf5 7. Nf3 Nf6 8.
d4 O-O 9. d5 Na5 10. Be2 d6 11. O-O b6 12. Nd4 Ne4 13. Qc2 Ba6 14. Ne6 Qd7 15.
Nxf8 Rxf8 16. f3 Nc5 17. Be3 Bxc4 18. Bxc4 Nxc4 19. Bd4 Qf7 20. Bxc5 bxc5 21.
Qd3 Ne5 22. Qa6 Qxd5 23. Qxa7 Qc6 24. Rab1 Nd7 25. Rb7 Rc8 26. Rfb1 h6 27. Qa5
Nb6 28. Ra7 Re8 29. Qb5 Qxb5 30. Rxb5 Rc8 31. a4 Kf7 32. a5 Nd5 33. a6 Nxc3 34.
Rbb7 Nd5 35. Rb1 Ke7 36. Rab7 Nb6 37. a7 Ra8 38. R1xb6 Kd7 39. Rb1 Kc6 40. Rb8
Rxa7 41. Rg8 g5 42. Rg6 c4 43. Rxh6 g4 44. fxg4 fxg4 45. Rg6 Kc5 46. Rxg4 d5 47.
h4 c3 48. Rc1 d4 49. Rd1 Ra4 50. h5 c2 51. Rc1 Ra2 52. h6 d3 53. h7 d2 54. Rf1
d1=Q 55. Rg5+ Kb6 56. h8=Q Qxf1+ 57. Kxf1 c1=Q# 0-1

[Event "Titled Tue 10th Jun Early"]
[Site "chess.com INT"]
[Date "2025.06.10"]
[Round "8"]
[White "Mohamed, Anees M"]
[Black "Buscar, Michael"]
[Result "0-1"]
[WhiteTitle "FM"]
[WhiteElo "2431"]
[BlackElo "2016"]
[WhiteFideId "35065815"]
[BlackFideId "2603616"]
[EventDate "2025.06.10"]

1. Nf3 Nf6 2. b3 b6 3. Bb2 Bb7 4. g3 e6 5. Bg2 c5 6. c4 Be7 7. O-O O-O 8. Nc3 d6
9. d4 cxd4 10. Qxd4 a6 11. Rad1 Qc7 12. e4 Nbd7 13. Rfe1 Rfe8 14. h4 Rad8 15.
Qd2 Qb8 16. Nd4 Qa8 17. Qe2 Nc5 18. b4 Ncd7 19. f4 Nf8 20. e5 dxe5 21. fxe5 Bxg2
22. Qxg2 Ng4 23. Qxa8 Rxa8 24. Nc6 Rac8 25. b5 Bc5+ 26. Kg2 Ne3+ 27. Rxe3 Bxe3
28. Ne4 Bc5 29. Nd6 axb5 30. cxb5 Ng6 31. Nxe8 Rxe8 32. h5 Ne7 33. Nxe7+ Bxe7
34. Rd7 Bc5 35. a4 Ra8 36. Bd4 Bxd4 37. Rxd4 h6 38. Kf3 Kh7 39. Ke3 g6 40. g4
Kg7 41. Kd3 gxh5 42. gxh5 Ra7 43. Rg4+ Kf8 44. Kc3 Rc7+ 45. Kb3 Rc5 46. Rd4 Rxe5
47. Rd6 f5 48. Rxb6 f4 49. Rd6 Ke7 50. Rd4 f3 51. Rf4 Rf5 52. Rc4 f2 53. Rc1
f1=Q 54. Rxf1 Rxf1 55. a5 Kd6 56. Kc4 Rf4+ 57. Kb3 Kc5 0-1

[Event "Titled Tue 10th Jun Early"]
[Site "chess.com INT"]
[Date "2025.06.10"]
[Round "8"]
[White "Castillo Pena, Patricia Evarista"]
[Black "Van Baar, Esper"]
[Result "1/2-1/2"]
[WhiteTitle "WFM"]
[BlackTitle "FM"]
[WhiteElo "1909"]
[BlackElo "2232"]
[WhiteFideId "6412106"]
[BlackFideId "1049321"]
[EventDate "2025.06.10"]

1. d4 d5 2. Nf3 e6 3. e3 c5 4. Bd3 b6 5. b3 g6 6. Bb2 Bg7 7. O-O Ne7 8. Nbd2 O-O
9. Ne5 Nd7 10. f4 Nxe5 11. fxe5 cxd4 12. exd4 Nc6 13. a3 f6 14. exf6 Rxf6 15.
Nf3 Bd7 16. Qe2 Qe7 17. Ne5 Nxe5 18. dxe5 Rxf1+ 19. Rxf1 Rf8 20. c4 Bc6 21. b4
a5 22. Rxf8+ Bxf8 23. bxa5 bxa5 24. cxd5 Bxd5 25. Qe3 Qc7 26. Bd4 Bxa3 27. Bb6
Qc3 28. Bd4 Qc6 29. Bxg6 hxg6 30. Qxa3 Bxg2 31. Qxa5 Bh3 32. Qd8+ Kh7 33. Qh4+
Kg7 34. Qxh3 Qc1+ 35. Qf1 Qg5+ 36. Kh1 Qg4 37. Bg1 Qe4+ 38. Qg2 Qxe5 39. h3 Qf5
40. Kh2 e5 41. Qf2 Qe4 42. Qe3 Qf5 43. Bf2 e4 44. Bg3 Qd5 45. Qc3+ Kh6 46. Bf4+
Kh7 47. Qe3 Qa2+ 48. Kg3 Qd5 49. h4 Qf5 50. Bg5 Qe5+ 51. Qf4 Qc3+ 52. Qe3 Qe5+
53. Bf4 Qf5 54. Qa7+ Kg8 55. Qb8+ Kf7 56. Qc7+ Kg8 57. Qd8+ Kf7 58. Qc7+ Kg8 59.
Qc4+ Kg7 60. Qc7+ Kg8 1/2-1/2

[Event "Titled Tue 10th Jun Early"]
[Site "chess.com INT"]
[Date "2025.06.10"]
[Round "8"]
[White "Deng, Henry"]
[Black "Grezels, Florian"]
[Result "0-1"]
[WhiteTitle "FM"]
[BlackTitle "FM"]
[WhiteElo "2327"]
[BlackElo "2306"]
[WhiteFideId "30965454"]
[BlackFideId "20696450"]
[EventDate "2025.06.10"]

1. e4 c5 2. Nc3 e6 3. Nf3 Nc6 4. Bb5 Nd4 5. O-O Nf6 6. e5 Nxb5 7. Nxb5 Nd5 8. c4
Nc7 9. Nd6+ Bxd6 10. exd6 Na6 11. d4 b6 12. b3 Bb7 13. d5 Qf6 14. Rb1 h6 15. Bb2
Qg6 16. Ne5 Qf5 17. Re1 O-O-O 18. a3 Rhg8 19. Nf3 g5 20. b4 cxb4 21. axb4 Nxb4
22. Bc3 Nd3 23. Re3 Nc5 24. Ra1 Kb8 25. Bd4 Rc8 26. Ne5 exd5 27. Rf3 Qe4 28.
Bxc5 Rxc5 29. Nxd7+ Ka8 30. Nxc5 bxc5 31. Qa4 a6 32. cxd5 Qxd5 33. d7 g4 34. Rg3
Rd8 35. Qxg4 Rxd7 36. h3 f5 37. Qg8+ Ka7 38. Qg7 Rxg7 39. Rxg7 c4 40. Rg3 Qc5
41. Rc1 Be4 42. Kh2 Qd4 43. f3 Bd3 44. Re1 c3 45. Re7+ Kb6 46. Rg6+ Kb5 47. Rb7+
Kc4 48. Rc7+ Kb3 49. Rb7+ Kc2 50. Rc6 Kd2 51. Rbc7 c2 52. Rxc2+ Bxc2 53. Rf7
Qe5+ 54. Kh1 Qg3 55. Re7 Bd3 56. Rd7 a5 57. Ra7 Ke3 58. Rd7 Kf2 59. Rg7 Qxg7 60.
g4 Qe5 61. gxf5 Qg3 62. f4 Qg2# 0-1

[Event "Titled Tue 10th Jun Early"]
[Site "chess.com INT"]
[Date "2025.06.10"]
[Round "8"]
[White "Tsydypov, Zhamsaran"]
[Black "Ashraf, Artin"]
[Result "1-0"]
[WhiteTitle "GM"]
[BlackTitle "FM"]
[WhiteElo "2514"]
[BlackElo "2407"]
[WhiteFideId "4108566"]
[BlackFideId "22514805"]
[EventDate "2025.06.10"]

1. e4 e5 2. Nf3 Nc6 3. Bc4 Nf6 4. d3 h6 5. c3 g6 6. b4 d6 7. a4 Bg7 8. a5 O-O 9.
a6 b6 10. O-O Rb8 11. b5 Ne7 12. Nbd2 Bd7 13. Ba3 c5 14. bxc6 Bxc6 15. Re1 Qc7
16. d4 Rbd8 17. Qb3 Rd7 18. Bxd6 Qxd6 19. dxe5 Qc5 20. exf6 Bxf6 21. e5 Bg7 22.
e6 Rc7 23. exf7+ Kh7 24. Ne4 Bxe4 25. Rxe4 Nf5 26. Be6 Nd6 27. Re3 Nxf7 28. Rd1
Ng5 29. Nxg5+ Qxg5 30. g3 Re7 31. Qd5 Qf6 32. Rf1 Rfe8 33. Rfe1 h5 34. h4 Bh6
35. Re4 Bg7 36. c4 Kh8 37. Kg2 Rc7 38. R1e3 Rc5 39. Qd7 Qe7 40. Qb7 Rc7 41. Qd5
Rc5 42. Qd7 Qxd7 43. Bxd7 Rxe4 44. Rxe4 Re5 45. Rf4 Re7 46. Bc6 Be5 47. Rf8+ Kg7
48. Rd8 Bc3 49. f4 Bb4 50. Kf3 Bc5 51. Be4 Re6 52. Rd7+ Re7 53. Rd5 Kf6 54. Rg5
Rg7 55. f5 gxf5 56. Rxf5+ Ke7 57. Rxh5 Bd6 58. g4 Rf7+ 59. Rf5 Rxf5+ 60. Bxf5
Kf6 61. Ke4 Ba3 62. g5+ Kg7 63. Kd5 Bc5 64. Kc6 Bf2 65. h5 Be3 66. h6+ Kf8 67.
Kb7 Bxg5 68. h7 Kg7 69. Kxa7 1-0

[Event "Titled Tue 10th Jun Early"]
[Site "chess.com INT"]
[Date "2025.06.10"]
[Round "8"]
[White "Grover, Sahaj"]
[Black "Jasinski, Alexander"]
[Result "1-0"]
[WhiteTitle "GM"]
[WhiteElo "2465"]
[BlackElo "1989"]
[WhiteFideId "5021103"]
[BlackFideId "55627994"]
[EventDate "2025.06.10"]

1. e4 c5 2. Nf3 d6 3. d4 cxd4 4. Nxd4 Nf6 5. Nc3 Nc6 6. Bc4 Qb6 7. Nxc6 bxc6 8.
Bb3 g6 9. Be3 Qc7 10. Qd2 Ng4 11. Bg5 h6 12. Bh4 Bg7 13. h3 Nf6 14. f4 Be6 15.
O-O-O Nd7 16. g4 Bxb3 17. axb3 a5 18. f5 g5 19. Bf2 Bf6 20. Kb1 Ne5 21. Qe2 Nd7
22. h4 gxh4 23. Bxh4 Bxc3 24. bxc3 a4 25. Kb2 axb3 26. cxb3 Ne5 27. Bg3 Nd7 28.
g5 Nc5 29. Ra1 Kd7 30. Bf2 Rxa1 31. Rxa1 Qb6 32. Bxc5 Qxc5 33. g6 fxg6 34. fxg6
Rf8 35. g7 Rf2 36. g8=Q Rxe2+ 37. Kb1 Qf2 38. Qg4+ Kc7 39. Ra7+ Qxa7 40. Qxe2
Qg1+ 41. Kc2 Qc5 42. b4 Qe5 43. Qe3 h5 44. Qa7+ Kd8 45. Qb7 Qxe4+ 46. Kb3 Qb1+
47. Kc4 Qa2+ 48. Kd3 Qd5+ 49. Kc2 Qe4+ 50. Kb2 Qd5 51. Qb8+ Kd7 52. Qh8 Qg2+ 53.
Ka3 Qg5 54. Qd4 c5 55. Qd3 cxb4+ 56. cxb4 Qc1+ 57. Ka4 Qa1+ 58. Kb5 Qe5+ 59. Kb6
h4 60. Qh3+ Qe6 61. Qxh4 d5+ 62. Ka5 Qc6 63. b5 Qc3+ 64. Ka6 Qa3+ 65. Kb7 Qd6
66. Qg4+ Qe6 67. Qa4 Qd6 68. b6+ Ke6 69. Qg4+ Kf6 70. Qh4+ Kg6 71. Qg4+ Kf6 72.
Qf3+ Kg6 73. Qd3+ Kf6 74. Ka7 Qd7+ 75. b7 Qa4+ 76. Kb8 Qe8+ 77. Kc7 e6 78. Qf3+
Ke5 79. b8=Q Qe7+ 80. Kb6+ 1-0

[Event "Titled Tue 10th Jun Early"]
[Site "chess.com INT"]
[Date "2025.06.10"]
[Round "8"]
[White "Kozlov, Oleg"]
[Black "Kovalevsky, Stanislav"]
[Result "1-0"]
[WhiteTitle "IM"]
[BlackTitle "FM"]
[WhiteElo "2253"]
[BlackElo "2105"]
[WhiteFideId "4104544"]
[BlackFideId "13508598"]
[EventDate "2025.06.10"]

1. d4 d5 2. c4 c6 3. Nf3 Nf6 4. g3 Bg4 5. Bg2 e6 6. O-O Nbd7 7. b3 Be7 8. Bb2
Ne4 9. Ne1 Bh5 10. Nd3 O-O 11. Nf4 Bg6 12. Nxg6 hxg6 13. f3 Nd6 14. Nd2 Nf5 15.
Kf2 e5 16. cxd5 Bg5 17. Kg1 Ne3 18. Qe1 Nxf1 19. Nxf1 exd4 20. dxc6 bxc6 21.
Bxd4 Bf6 22. Rd1 Bxd4+ 23. Rxd4 Qb6 24. Qf2 Nf6 25. Rc4 Rfc8 26. e4 Qxf2+ 27.
Kxf2 c5 28. e5 Nd5 29. f4 Nb6 30. Rc3 Rab8 31. Nd2 Kf8 32. Ne4 Ke7 33. Nd6 Rc7
34. Nb5 Rd7 35. Nd6 f6 36. Rxc5 fxe5 37. fxe5 Rf8+ 38. Ke3 Rdd8 39. Rc7+ Ke6 40.
Rxa7 Kxe5 41. Nc4+ Nxc4+ 42. bxc4 Rd1 43. Re7+ Kd6 44. Rxg7 Re1+ 45. Kd2 Ra1 46.
Rxg6+ Kc5 47. Bd5 Rxa2+ 48. Ke3 Ra3+ 49. Ke4 Ra7 50. h4 Re7+ 51. Re6 Rg7 52.
Rc6+ Kb4 53. Rb6+ Kc3 54. c5 Rg4+ 55. Ke5 Rxg3 56. Rb3+ 1-0

[Event "Titled Tue 10th Jun Early"]
[Site "chess.com INT"]
[Date "2025.06.10"]
[Round "8"]
[White "Praggnanandhaa, R"]
[Black "Sychev, Klementy"]
[Result "0-1"]
[WhiteTitle "GM"]
[BlackTitle "GM"]
[WhiteElo "2767"]
[BlackElo "2513"]
[WhiteFideId "25059530"]
[BlackFideId "4114060"]
[EventDate "2025.06.10"]

1. b3 d5 2. Bb2 Nf6 3. d3 c5 4. Nd2 Nc6 5. e4 e5 6. g3 d4 7. h4 Bd6 8. a4 Bc7 9.
Bh3 O-O 10. Kf1 h5 11. Ngf3 Ng4 12. Qe2 g6 13. Kg2 Qd7 14. Nc4 b6 15. Bc1 Kg7
16. Bd2 Rb8 17. Kg1 Qe7 18. Kg2 a6 19. Nh2 Nxh2 20. Rxh2 b5 21. Nb2 Bxh3+ 22.
Rxh3 Qe6 23. Rf1 Rbe8 24. Rhh1 Ba5 25. Bxa5 Nxa5 26. Qd2 Nc6 27. Ra1 f5 28. axb5
axb5 29. exf5 Qxf5 30. Ra6 Qf3+ 31. Kg1 Rf6 32. Rh2 e4 33. dxe4 Ne5 34. Ra7+ Rf7
35. Rxf7+ Qxf7 36. Qe2 Nf3+ 37. Kg2 Nxh2 38. Kxh2 Qe6 39. f3 Qc6 40. Kg2 c4 41.
bxc4 bxc4 42. Nxc4 Rc8 43. Na3 Qc3 44. Qa6 Rc6 45. Qa7+ Rc7 46. Qa8 Qd2+ 47. Kh3
Qf2 48. e5 Rf7 49. f4 Qe2 50. Qd5 Qg4+ 51. Kg2 Rxf4 52. e6 Qe2+ 53. Kh3 Rf2 54.
Qxd4+ Kh7 0-1

[Event "Titled Tue 10th Jun Early"]
[Site "chess.com INT"]
[Date "2025.06.10"]
[Round "8"]
[White "Pajcin, Lav"]
[Black "Rustemov, Alexander"]
[Result "1/2-1/2"]
[WhiteTitle "FM"]
[BlackTitle "GM"]
[WhiteElo "2281"]
[BlackElo "2525"]
[WhiteFideId "966746"]
[BlackFideId "4119002"]
[EventDate "2025.06.10"]

1. d4 d5 2. c4 c6 3. Nf3 Nf6 4. e3 a6 5. b3 Bf5 6. Bb2 e6 7. Bd3 Nbd7 8. O-O Bd6
9. Nc3 Bxd3 10. Qxd3 O-O 11. Rad1 Re8 12. e4 dxe4 13. Nxe4 Nxe4 14. Qxe4 Qf6 15.
Rfe1 Rad8 16. Re2 Qg6 17. Qh4 Be7 18. Qf4 Nf6 19. Ne5 Qh5 20. g4 Qh4 21. Qg3
Qxg3+ 22. hxg3 Bd6 23. g5 Bxe5 24. Rxe5 Nd7 25. Ree1 Nf8 26. Kg2 Ng6 27. f4 Re7
28. Rd2 Red7 29. Rde2 Nf8 30. g4 f6 31. gxf6 gxf6 32. Kf3 Kf7 33. f5 Re8 34. Kf4
Rdd8 35. Bc3 exf5 36. gxf5 Rxe2 37. Rxe2 Re8 38. Rg2 Nd7 39. Rh2 Kg7 40. a4 b5
41. axb5 axb5 42. Ra2 bxc4 43. Ra7 Re7 44. bxc4 Rf7 45. Rc7 Nb8 46. Ba5 Rxc7 47.
Bxc7 Nd7 48. Bd6 Kf7 49. d5 cxd5 50. c5 h5 51. c6 Nb6 52. Bc5 Nc8 53. Kg3 Ne7
54. c7 Nc8 55. Kh4 Ke8 56. Kxh5 Kd7 57. Kg6 Kxc7 58. Kxf6 Kc6 59. Ba3 d4 60. Ke6
d3 61. Bb4 Nd6 62. f6 Ne4 63. f7 Ng5+ 64. Ke7 Nxf7 65. Kxf7 Kb5 66. Bd2 Kc4 67.
Ke6 Kb3 68. Kd5 Kc2 69. Ba5 d2 70. Bxd2 1/2-1/2

[Event "Titled Tue 10th Jun Early"]
[Site "chess.com INT"]
[Date "2025.06.10"]
[Round "8"]
[White "Gelman, Alexander"]
[Black "Karpenko, Anton"]
[Result "0-1"]
[WhiteTitle "IM"]
[BlackTitle "CM"]
[WhiteElo "2403"]
[BlackElo "2219"]
[WhiteFideId "4118316"]
[BlackFideId "34374353"]
[EventDate "2025.06.10"]

1. d4 Nf6 2. Nc3 d5 3. Bf4 g6 4. e3 Bg7 5. Qd2 O-O 6. f3 c5 7. g4 cxd4 8. exd4
Nc6 9. O-O-O Qa5 10. Kb1 a6 11. h4 h5 12. Qg2 hxg4 13. fxg4 Bxg4 14. Be2 Bxe2
15. Ngxe2 Nh5 16. Bc1 Rad8 17. a3 e5 18. dxe5 d4 19. Ne4 Qxe5 20. N2g3 Rfe8 21.
Nxh5 Qxe4 22. Qg3 gxh5 23. Rhg1 Qh7 24. Bg5 f6 25. Bxf6 Rd7 26. Qb3+ Kh8 27.
Rxg7 Rxg7 28. Rg1 Re7 29. Qd5 Qg8 30. Qxh5+ Qh7 31. Qd5 Qg8 32. Qh5+ Qh7 33. Qc5
Qg8 34. Rg5 Qf7 35. Bxg7+ Kh7 36. Bxd4 Qf1+ 37. Ka2 Qf7+ 38. c4 Nxd4 39. Qxd4
Rc7 40. Qe4+ Kh6 41. Rd5 Re7 42. Qf4+ Qxf4 43. Rd3 Kh5 44. Rb3 Qg4 45. Rb4 Kxh4
46. c5 Qxb4 47. axb4 Kg5 48. Kb3 Kf5 49. Kc4 Ke5 50. b5 axb5+ 51. Kxb5 Kd5 52.
b4 Re4 53. Ka5 Kc6 54. Ka4 b5+ 55. Ka5 Rc4 56. Ka6 Rxb4 57. Ka5 Ra4# 0-1

[Event "Titled Tue 10th Jun Early"]
[Site "chess.com INT"]
[Date "2025.06.10"]
[Round "8"]
[White "Gulevich, Artem"]
[Black "Gilfanov, Marat I"]
[Result "0-1"]
[WhiteTitle "FM"]
[BlackTitle "FM"]
[WhiteElo "2304"]
[BlackElo "2343"]
[WhiteFideId "24119580"]
[BlackFideId "34372164"]
[EventDate "2025.06.10"]

1. Nf3 d5 2. b3 Nf6 3. Bb2 Bg4 4. e3 c6 5. d4 Nbd7 6. Be2 e6 7. Nbd2 Bd6 8. c4
O-O 9. O-O Qe7 10. Re1 Bxf3 11. Nxf3 e5 12. dxe5 Nxe5 13. Nxe5 Bxe5 14. Qc2 Rfd8
15. Rad1 a5 16. Bf3 Bxb2 17. Qxb2 a4 18. cxd5 cxd5 19. Rd4 axb3 20. axb3 Qe6 21.
Red1 Ra5 22. e4 Qe5 23. Qd2 Rb5 24. Qd3 Rc5 25. exd5 Re8 26. g3 Nd7 27. Bg4 Nf6
28. d6 Rd8 29. Bf3 b6 30. Kg2 g6 31. h4 h5 32. Rd2 Kf8 33. Re2 Qf5 34. Qd2 Kg7
35. Qb4 Rb5 36. Qc3 Qc5 37. Qxc5 bxc5 38. Rd3 Rb6 39. Red2 Kf8 40. Kf1 Ne8 41.
d7 Nf6 42. Ke2 Ke7 43. Kd1 Rxd7 44. Rxd7+ Nxd7 45. Bd5 Ne5 46. f4 Ng4 47. Re2+
Kf6 48. Kc2 Rd6 49. Bc4 Rd7 50. Kc3 Re7 51. Rxe7 Kxe7 52. Be2 Nf6 53. Bf3 Kd6
54. Kc4 Ng8 55. Bd5 Nh6 56. Be4 Ng4 57. Bd5 Ne3+ 58. Kd3 Nxd5 0-1

[Event "Titled Tue 10th Jun Early"]
[Site "chess.com INT"]
[Date "2025.06.10"]
[Round "8"]
[White "Ohanyan, Emin"]
[Black "Manukyan, Sargis A."]
[Result "0-1"]
[WhiteTitle "GM"]
[BlackTitle "FM"]
[WhiteElo "2491"]
[BlackElo "2294"]
[WhiteFideId "13312022"]
[BlackFideId "13303970"]
[EventDate "2025.06.10"]

1. e4 c5 2. Nf3 d6 3. d4 cxd4 4. Qxd4 Nc6 5. Qd3 g6 6. Nc3 Bg7 7. Be2 Nf6 8. Nd5
O-O 9. O-O b6 10. c3 Bb7 11. Bg5 h6 12. Nxf6+ exf6 13. Bh4 Ne5 14. Nxe5 dxe5 15.
f3 Qc7 16. Qc4 Bc6 17. Rad1 Rfd8 18. b4 b5 19. Qb3 a5 20. a3 Bd7 21. Qb2 axb4
22. axb4 Be6 23. Bf2 Bc4 24. Bc5 Bf8 25. Bxf8 Kxf8 26. Bxc4 Qxc4 27. Rd2 Rxd2
28. Qxd2 Kg7 29. Rd1 Ra3 30. Rc1 Ra2 31. Rc2 Ra1+ 32. Rc1 Ra3 33. h4 h5 34. Qe3
Ra2 35. Kh2 Qb3 36. Kg3 Qb2 37. Rg1 Qc2 38. Qc1 Qe2 39. Qe1 Qb2 40. Qc1 Qf2+ 41.
Kh3 Rc2 42. Qe1 Qxe1 43. Rxe1 Rxc3 44. Rb1 Rc4 45. Kg3 Kf8 46. Kf2 Ke7 47. Ke3
Ke6 48. Kd3 f5 49. g3 fxe4+ 50. fxe4 f5 51. exf5+ gxf5 52. Ke3 Rc3+ 53. Kf2 f4
54. gxf4 exf4 55. Rg1 Kf5 56. Rg8 Ke4 57. Re8+ Kf5 58. Rb8 Kg4 59. Rg8+ Kxh4 60.
Rg7 Rc4 61. Kf3 Rxb4 62. Rg6 Rc4 63. Rg8 b4 64. Rg7 b3 65. Rb7 Rc3+ 66. Kxf4 Kh3
67. Kg5 h4 68. Rb4 Kg2 69. Kxh4 Kf3 70. Kh3 Ke2+ 71. Kg2 Kd2 72. Kf2 Kc2 0-1

[Event "Titled Tue 10th Jun Early"]
[Site "chess.com INT"]
[Date "2025.06.10"]
[Round "8"]
[White "Lau, Lut Yin Luke"]
[Black "Gkavardinas, Antonios"]
[Result "1/2-1/2"]
[WhiteTitle "CM"]
[BlackTitle "FM"]
[WhiteElo "2243"]
[BlackElo "2278"]
[WhiteFideId "6002226"]
[BlackFideId "25883097"]
[EventDate "2025.06.10"]

1. c4 g6 2. g3 Bg7 3. Bg2 Nf6 4. Nc3 O-O 5. Nf3 c6 6. O-O d5 7. d4 Bg4 8. Ne5
Be6 9. Qb3 Qb6 10. c5 Qc7 11. Bf4 Qc8 12. Rfe1 Nbd7 13. Nxd7 Nxd7 14. Rad1 b6
15. Qa3 bxc5 16. dxc5 Qb7 17. e4 dxe4 18. Nxe4 Bxb2 19. Qe3 Nf6 20. Ng5 Bxa2 21.
Be5 Bxe5 22. Qxe5 Bd5 23. Qxe7 Qxe7 24. Rxe7 a5 25. Ra1 a4 26. Rb7 Ra5 27. Bxd5
Nxd5 28. Ne4 a3 29. Ra2 Rfa8 30. Rb3 Kg7 31. h4 h6 32. Kg2 Nc7 33. h5 Nb5 34.
hxg6 Kxg6 35. Rd3 Re8 36. Nd6 Nxd6 37. Rxd6+ Re6 38. Rd3 Re5 39. Raxa3 Rxa3 40.
Rxa3 Rxc5 41. Kf3 Rc1 42. Ke4 Kg5 43. Ra7 f5+ 44. Kd3 Kg4 45. Rh7 Kf3 46. Rxh6
Kxf2 47. Rf6 Kxg3 48. Rxf5 Kg4 49. Rf2 Kg5 50. Rf8 Kg6 51. Rf2 Rd1+ 52. Kc4 Rd5
53. Rg2+ Kf6 54. Re2 Kf7 55. Re1 Rf5 56. Re2 Kf6 57. Re1 Re5 58. Rxe5 Kxe5 59.
Kc5 Ke6 60. Kxc6 1/2-1/2

[Event "Titled Tue 10th Jun Early"]
[Site "chess.com INT"]
[Date "2025.06.10"]
[Round "8"]
[White "Kalyani Sirin"]
[Black "Reprintsev, Alexander"]
[Result "0-1"]
[WhiteTitle "WFM"]
[BlackTitle "IM"]
[WhiteElo "2138"]
[BlackElo "2256"]
[WhiteFideId "33323500"]
[BlackFideId "14100541"]
[EventDate "2025.06.10"]

1. e4 e5 2. Nf3 Nc6 3. d4 exd4 4. Nxd4 Qh4 5. Nc3 Bb4 6. Nb5 Ba5 7. Bd3 a6 8.
Na3 b5 9. Nb1 Nf6 10. O-O O-O 11. Nd2 Ne5 12. Nf3 Nxf3+ 13. Qxf3 Bb7 14. g3 Qg4
15. Qxg4 Nxg4 16. Nd5 Rfe8 17. Bf4 d6 18. a4 b4 19. Bd2 Bxd5 20. exd5 Ne5 21.
Be2 Rab8 22. f4 Nd7 23. Bxa6 Nb6 24. Bb5 Re4 25. Rae1 Rxe1 26. Rxe1 Nxd5 27. Bc6
Nf6 28. Kg2 g6 29. f5 Rb6 30. Bb5 c6 31. Bd3 Kg7 32. Bg5 Nd5 33. Bc4 b3 34. Bxd5
Bxe1 35. f6+ Kg8 36. Bxb3 d5 37. Be3 Ra6 38. Bd4 Bb4 39. Be5 Ra7 40. g4 Ba5 41.
g5 Bc7 42. Bd4 Ra8 43. h4 Bd6 44. Bc3 Kf8 45. Kf3 Ke8 46. Kg4 Kd7 47. h5 Ke6 48.
hxg6 hxg6 49. Bd2 c5 50. a5 c4 51. Ba4 Bc7 52. Bc6 Rb8 53. a6 Bb6 54. Bb4 Ba7
55. c3 d4 56. Ba4 d3 57. Kf3 Kd5 58. Bd7 Bc5 0-1

[Event "Titled Tue 10th Jun Early"]
[Site "chess.com INT"]
[Date "2025.06.10"]
[Round "8"]
[White "Gurevich, Dmitry"]
[Black "Negrean, Andrei"]
[Result "1-0"]
[WhiteTitle "GM"]
[BlackTitle "FM"]
[WhiteElo "2338"]
[BlackElo "2352"]
[WhiteFideId "2000407"]
[BlackFideId "1291513"]
[EventDate "2025.06.10"]

1. d4 Nf6 2. c4 g6 3. Nc3 Bg7 4. e4 d6 5. Nf3 O-O 6. Be2 e5 7. O-O Nc6 8. d5 Ne7
9. Ne1 Nd7 10. Be3 f5 11. f3 f4 12. Bf2 h5 13. Nb5 a6 14. Na7 Rxa7 15. Bxa7 b6
16. b4 Bb7 17. Rc1 Qa8 18. c5 bxc5 19. Bxc5 dxc5 20. bxc5 Qa7 21. Nd3 g5 22. Kh1
Bc8 23. Qb3 Kh8 24. Rc2 Ng6 25. Rb1 a5 26. c6 Nf6 27. Nc5 g4 28. Qb8 Qxb8 29.
Rxb8 Re8 30. Ba6 Bxa6 31. Nxa6 Rxb8 32. Nxb8 Bf8 33. Nd7 Kg7 34. Nxf8 Kxf8 35.
d6 cxd6 36. c7 Ne7 37. c8=Q+ Nxc8 38. Rxc8+ Ke7 39. Ra8 h4 40. h3 g3 41. Rxa5
Ke6 42. Kg1 d5 43. Ra6+ Ke7 44. exd5 Nxd5 45. Rh6 Nc3 46. a3 Kd7 47. Rxh4 Kd6
48. Rh8 Kd5 49. Rd8+ Ke6 50. h4 Kf6 51. Rc8 Ne2+ 52. Kf1 Nd4 53. a4 e4 54. fxe4
Ke5 55. a5 Kxe4 56. Rc4 f3 57. gxf3+ Kd5 58. Rxd4+ Kxd4 59. Kg2 Kc5 60. h5 Kb5
61. h6 Kxa5 62. h7 Kb5 63. h8=Q Kc5 64. Qe5+ Kc6 65. Kxg3 Kb6 66. f4 Kc6 67. f5
Kb6 68. f6 Kc6 69. f7 Kb6 70. f8=Q Kc6 71. Qff6+ Kd7 72. Qee7+ 1-0